000 00637nam a2200229Ia 4500
003 OSt
005 20220926012114.0
006 a|||||r|||| 00| 0
007 ta
008 220923b |||||||| |||| 00| 0 eng d
037 _cGeneral Book
040 _aRTL
_cRTL
_beng
041 _2eng
_aeng
082 _aY.73.N6, K8
100 _aParsons Talcott Ed.
245 0 _aAmerican sociology
_b Perspectives, problems, methods
260 _aNew York
_bBasic Books
_c1968
300 _axxii,346p
_ccm.
650 _aSociology
942 _hY.73.N6, K8
_cGB
_2CC
999 _c621712
_d621712